Effects of the temporary employment subsidy

Αποθηκεύτηκε σε:
Λεπτομέρειες βιβλιογραφικής εγγραφής
Κύριος συγγραφέας: Deakin, B. M. (Brian Measures)
Άλλοι συγγραφείς: Pratten, Clifford Frederick
Μορφή: Βιβλίο
Γλώσσα:English
Δημοσίευση: Cambridge [Cambridgeshire] : New York : Cambridge University Press, 1982.
Σειρά:Occasional paper / University of Cambridge Department of Applied Economics ; 53.
Θέματα:
Ετικέτες: Προσθήκη ετικέτας
Δεν υπάρχουν, Καταχωρήστε ετικέτα πρώτοι!

MARC

LEADER 00000cam a2200000 i 4500
001 1/48684
008 950812s1982 eng d
020 |a 0521243580 
035 |l 10026712 
040 |a GR-MY-UA  |b gre  |e aacr 
041 0 |a eng 
082 0 |a 339.50941   |2 (19)  
100 1 |a Deakin, B. M.  |q (Brian Measures) 
245 1 0 |a Effects of the temporary employment subsidy /   |c B.M. Deakin and C.F. Pratten.  
260 |a Cambridge [Cambridgeshire] :   |a New York :   |b Cambridge University Press,   |c 1982.  
300 |a xvi, 236 p.;  |b ill.;  |c 25 cm 
490 1 |a Occasional paper / University of Cambridge Department of Applied Economics  |v ; 53.  
650 0 0 |a Employment subsidies  |z Great Britain. 
650 0 0 |a Full employment policies  |z Great Britain. 
700 1 |a Pratten, Clifford Frederick. 
852 |a INST  |b CHIOS  |e 19950812  |h 339.50941 DEA  |p 005200005209  |q 005200005209  |t BK  |y 0 
909 |a Χ  |b 000039